[Event "Belgrade Spring op"]
[Site "Belgrade"]
[Date "2009.03.30"]
[Round "8"]
[White "Karadarevic, Slobodan"]
[Black "Kos, Milorad"]
[Result "0-1"]
[WhiteElo "1832"]
[BlackElo "2023"]
[PlyCount "76"]
[EventDate "2009.03.21"]
[EventType "swiss"]
[EventRounds "9"]
[EventCountry "YUG"]
[SourceTitle "CBM 129 Extra"]
[Source "ChessBase"]
[SourceDate "2009.05.05"]
[SourceVersion "2"]
[SourceVersionDate "2009.05.20"]
[SourceQuality "1"]

1. e4 Nf6 2. Nc3 d5 3. e5 Nfd7 4. f4 e6 5. Nf3 c5 6. g3 Be7 7. Bg2 Nc6 8. 0-0 0-0 9. Qe2 d4 10. Ne4 Nb4 11. Ne1 Nb6 12. a3 Nxc2 13. Nxc2 d3 14. Qd1 dxc2 15. Qxc2 Qd4+ 16. Kh1 Nd5 17. Rf3 c4 18. d3 b5 19. Bd2 Rd8 20. a4 Ba6 21. Bc3 Qb6 22. a5 Qb7 23. d4 b4 24. Be1 b3 25. Qf2 Qd7 26. Bc3 Rac8 27. g4 Nb4 28. Rd1 Nd3 29. Qe2 Bb7 30. Rfxd3 cxd3 31. Rxd3 Ba6 32. Qd1 Bxd3 33. Qxd3 Qa4 34. f5 exf5 35. gxf5 Rc4 36. Qg3 Qa1+ 37. Be1 Rc1 38. Nf6+ Bxf6 0-1

[Event "Belgrade Spring op"]
[Site "Belgrade"]
[Date "2009.03.29"]
[Round "7"]
[White "Petrovski, Igor"]
[Black "Karadarevic, Slobodan"]
[Result "1-0"]
[WhiteElo "1967"]
[BlackElo "1832"]
[PlyCount "26"]
[EventDate "2009.03.21"]
[EventType "swiss"]
[EventRounds "9"]
[EventCountry "YUG"]
[SourceTitle "CBM 129 Extra"]
[Source "ChessBase"]
[SourceDate "2009.05.05"]
[SourceVersion "2"]
[SourceVersionDate "2009.05.20"]
[SourceQuality "1"]

1. e4 e5 2. Nf3 Nc6 3. Bb5 Nf6 4. 0-0 d6 5. Re1 Be7 6. d4 Bd7 7. Nc3 0-0 8. Bxc6 Bxc6 9. h3 exd4 10. Nxd4 Bd7 11. Bf4 Re8 12. Qd3 g6 13. Rad1 Nh5 1-0

[Event "Belgrade Spring op"]
[Site "Belgrade"]
[Date "2009.03.27"]
[Round "6"]
[White "Karadarevic, Slobodan"]
[Black "Marinkov, Svetislav"]
[Result "1/2-1/2"]
[WhiteElo "1832"]
[BlackElo "1996"]
[PlyCount "37"]
[EventDate "2009.03.21"]
[EventType "swiss"]
[EventRounds "9"]
[EventCountry "YUG"]
[SourceTitle "CBM 129 Extra"]
[Source "ChessBase"]
[SourceDate "2009.05.05"]
[SourceVersion "2"]
[SourceVersionDate "2009.05.20"]
[SourceQuality "1"]

1. e4 c5 2. c3 d5 3. exd5 Qxd5 4. Nf3 Nf6 5. d4 e6 6. Na3 Qd8 7. Bb5+ Bd7 8. 0-0 cxd4 9. cxd4 Bxa3 10. Bxd7+ Nbxd7 11. bxa3 0-0 12. Qb3 b6 13. Bf4 Nd5 14. Bd6 Re8 15. Ne5 N7f6 16. Bb4 Nxb4 17. axb4 Qxd4 18. Nc6 Qd5 19. b5 1/2-1/2

[Event "Belgrade-ch"]
[Site "Belgrade"]
[Date "2009.01.28"]
[Round "5"]
[White "Karadarevic, Slobodan"]
[Black "Markovic, Milan"]
[Result "0-1"]
[WhiteElo "1832"]
[BlackElo "2327"]
[PlyCount "46"]
[EventDate "2009.01.24"]
[EventType "swiss"]
[EventRounds "9"]
[EventCountry "YUG"]
[SourceTitle "CBM 128 Extra"]
[Source "ChessBase"]
[SourceDate "2009.03.05"]
[SourceVersion "2"]
[SourceVersionDate "2009.03.25"]
[SourceQuality "1"]

1. e4 c5 2. c3 g6 3. d4 cxd4 4. cxd4 d5 5. e5 Nc6 6. Nc3 Bg7 7. Be3 Nh6 8. h3 Nf5 9. Bb5 0-0 10. Nge2 Nxe3 11. fxe3 Bd7 12. 0-0 Rc8 13. e4 dxe4 14. Ng3 Nxe5 15. Ngxe4 Bxb5 16. Nxb5 Qb6 17. Nbc3 Nc4 18. Kh1 Ne3 19. Qf3 Nxf1 20. Rxf1 Qxd4 21. Nd5 Qe5 22. Re1 Kh8 23. Rd1 Rfd8 0-1

[Event "Belgrade-ch"]
[Site "Belgrade"]
[Date "2009.01.26"]
[Round "3"]
[White "Karadarevic, Slobodan"]
[Black "Nestorovic, Lazar"]
[Result "0-1"]
[WhiteElo "1832"]
[BlackElo "2207"]
[PlyCount "96"]
[EventDate "2009.01.24"]
[EventType "swiss"]
[EventRounds "9"]
[EventCountry "YUG"]
[SourceTitle "CBM 128 Extra"]
[Source "ChessBase"]
[SourceDate "2009.03.05"]
[SourceVersion "2"]
[SourceVersionDate "2009.03.25"]
[SourceQuality "1"]

1. e4 c5 2. c3 Nf6 3. Qe2 d6 4. g3 g6 5. Bg2 Bg7 6. Nf3 0-0 7. d3 Nc6 8. Na3 Bg4 9. h3 Bxf3 10. Bxf3 a6 11. Nc2 Nd7 12. Bg2 Qc7 13. 0-0 b5 14. Be3 Rab8 15. d4 Rfc8 16. Rfc1 Na5 17. b3 Qd8 18. f4 e6 19. Rd1 cxd4 20. cxd4 Nc6 21. e5 d5 22. Ne1 Qb6 23. Qf2 b4 24. g4 Na7 25. Nd3 Nb5 26. f5 Nc3 27. Rf1 exf5 28. gxf5 gxf5 29. Nf4 Ne4 30. Bxe4 dxe4 31. d5 Qh6 32. e6 Ne5 33. Qg3 Kh8 34. exf7 Nxf7 35. Kh1 Be5 36. Rae1 Rg8 37. Qh2 Qh4 38. Bc1 Rg3 39. Bb2 Rbg8 40. d6 Bc3 41. Rd1 Ne5 42. Bxc3 bxc3 43. d7 Nd3 44. Ng2 Rxg2 45. Qxg2 Rxg2 46. Kxg2 Qe7 47. Rxf5 Qxd7 48. Rdf1 c2 0-1

[Event "Belgrade Trophy 21st"]
[Site "Obrenovac"]
[Date "2008.12.03"]
[Round "7"]
[White "Ratkovic, Miloje"]
[Black "Karadarevic, Slobodan"]
[Result "1/2-1/2"]
[WhiteElo "2099"]
[BlackElo "1814"]
[PlyCount "111"]
[EventDate "2008.11.27"]
[EventType "swiss"]
[EventRounds "9"]
[EventCountry "YUG"]
[SourceTitle "CBM 127 Extra"]
[Source "ChessBase"]
[SourceDate "2009.01.08"]
[SourceVersion "2"]
[SourceVersionDate "2009.01.28"]
[SourceQuality "1"]

1. d4 d5 2. Nf3 Nf6 3. c4 e6 4. Nc3 c6 5. Bg5 Nbd7 6. e3 Bb4 7. Qb3 Qa5 8. Bxf6 Nxf6 9. Bd3 dxc4 10. Qxc4 0-0 11. 0-0 Bd6 12. e4 e5 13. dxe5 Bxe5 14. Nxe5 Qxe5 15. f4 Qe7 16. Rae1 Be6 17. Qd4 Rfd8 18. Qe3 Ng4 19. Qg3 Qc5+ 20. Kh1 Rxd3 21. Qxd3 Bc4 22. Qg3 Bxf1 23. Rxf1 Nf6 24. h3 Rd8 25. e5 Qc4 26. Re1 Nd5 27. Ne4 Qb4 28. b3 Nxf4 29. a3 Qa5 30. Nf6+ Kh8 31. b4 Ne2 32. Rxe2 Qb5 33. Nh5 g6 34. Nf4 a5 35. Qh4 Rd1+ 36. Kh2 Rf1 37. Rd2 Qxe5 38. Qd8+ Kg7 39. Qd4 Kf6 40. Qxe5+ Kxe5 41. Nd3+ Kd6 42. Nc5+ Ke5 43. Nxb7 axb4 44. axb4 Rb1 45. Nd8 Rc1 46. Nxf7+ Kf6 47. Nd8 Rc4 48. Kg3 h5 49. Rd6+ Ke7 50. Rd4 Rc3+ 51. Kf4 c5 52. Nc6+ Ke6 53. bxc5 Rxc5 54. Re4+ Kf7 55. Nd4 Ra5 56. Re6 1/2-1/2

[Event "Belgrade Trophy 21st"]
[Site "Obrenovac"]
[Date "2008.12.02"]
[Round "6"]
[White "Karadarevic, Slobodan"]
[Black "Kasparova, Tatiana"]
[Result "0-1"]
[WhiteElo "1814"]
[BlackElo "2185"]
[PlyCount "74"]
[EventDate "2008.11.27"]
[EventType "swiss"]
[EventRounds "9"]
[EventCountry "YUG"]
[SourceTitle "CBM 127 Extra"]
[Source "ChessBase"]
[SourceDate "2009.01.08"]
[SourceVersion "2"]
[SourceVersionDate "2009.01.28"]
[SourceQuality "1"]

1. e4 c6 2. d3 d5 3. Nc3 dxe4 4. Nxe4 Bf5 5. Be3 Nd7 6. Nf3 Ngf6 7. Nfd2 e6 8. Be2 Nd5 9. Nc4 N7f6 10. Bg5 Be7 11. Ng3 Bg6 12. 0-0 h6 13. Bd2 Qc7 14. Qc1 0-0 15. Kh1 b5 16. Ne3 Bd6 17. Bf3 Rac8 18. Re1 c5 19. Nef1 c4 20. dxc4 Qxc4 21. c3 Nf4 22. Bxf4 Bxf4 23. Ne3 Qc5 24. Ngf1 h5 25. g3 Bh6 26. Nd2 Rfd8 27. h3 Nd5 28. Ne4 Qb6 29. h4 Nxe3 30. fxe3 Rd3 31. Ng5 Bxg5 32. hxg5 Qc5 33. Kg2 Qxg5 34. Re2 Rcd8 35. e4 Rd2 36. Kh3 Bxe4 37. Rxe4 Qf5+ 0-1

[Event "Belgrade Trophy 21st"]
[Site "Obrenovac"]
[Date "2008.12.01"]
[Round "5"]
[White "Dinic, Nenad"]
[Black "Karadarevic, Slobodan"]
[Result "0-1"]
[WhiteElo "2116"]
[BlackElo "1814"]
[PlyCount "49"]
[EventDate "2008.11.27"]
[EventType "swiss"]
[EventRounds "9"]
[EventCountry "YUG"]
[SourceTitle "CBM 127 Extra"]
[Source "ChessBase"]
[SourceDate "2009.01.08"]
[SourceVersion "2"]
[SourceVersionDate "2009.01.28"]
[SourceQuality "1"]

1. e4 e5 2. Nf3 Nc6 3. c3 d5 4. Qa4 Nf6 5. d4 exd4 6. e5 Ne4 7. cxd4 Bb4+ 8. Bd2 Bxd2+ 9. Nbxd2 0-0 10. Be2 Bd7 11. Qb3 Nxd2 12. Kxd2 Bg4 13. Qc3 f6 14. Rad1 Bxf3 15. gxf3 fxe5 16. dxe5 Qg5+ 17. Kc2 Qxe5 18. Qxe5 Nxe5 19. Rxd5 Nxf3 20. Rd7 c5 21. Bxf3 Rxf3 22. Rxb7 Rxf2+ 23. Kc3 Rff8 24. Rg1 g6 25. Rg5 0-1

[Event "Novi Sad op-B"]
[Site "Novi Sad"]
[Date "2008.04.11"]
[Round "7"]
[White "Radanovic, Vlatko"]
[Black "Karadarevic, Slobodan"]
[Result "1-0"]
[WhiteElo "2026"]
[BlackElo "1823"]
[PlyCount "97"]
[EventDate "2008.04.06"]
[EventType "swiss"]
[EventRounds "9"]
[EventCountry "YUG"]
[SourceTitle "EXT 2011"]
[Source "ChessBase"]
[SourceDate "2010.11.26"]
[SourceVersion "1"]
[SourceVersionDate "2010.11.26"]
[SourceQuality "1"]

1. e4 e5 2. Nf3 Nc6 3. Bb5 Nf6 4. Qe2 Nd4 5. Nxd4 exd4 6. e5 Nd5 7. Qe4 c6 8. Qxd4 b6 9. Bc4 Nb4 10. Bb3 Bc5 11. Qc4 0-0 12. d4 Ba6 13. Qc3 Be7 14. a3 Nd5 15. Qf3 Nc7 16. Nd2 d5 17. exd6 Qxd6 18. c3 Rae8 19. Nc4 Qe6+ 20. Qe2 Qxe2+ 21. Kxe2 Bxa3+ 22. Kd1 Be7 23. Ne5 c5 24. Nd7 cxd4 25. Nxf8 Kxf8 26. cxd4 Bb7 27. Rg1 a5 28. Be3 Rd8 29. Ke2 Bb4 30. f3 Nb5 31. Rgd1 Nd6 32. d5 b5 33. Bd2 Re8+ 34. Kd3 Bc5 35. Rxa5 Bb6 36. Raa1 Nf5 37. Bb4+ Kg8 38. Re1 Rd8 39. Re5 g6 40. Rae1 Ng7 41. d6 Bc7 42. Re7 Bxd6 43. Bxf7+ Kf8 44. Bxd6 Rxd6+ 45. Kc3 Bc6 46. Rc7 Bd7 47. Bb3 Nf5 48. Rd1 Nd4 49. Rxd4 1-0

[Event "Belgrade Spring op"]
[Site "Belgrade"]
[Date "2008.04.02"]
[Round "9"]
[White "Petrovic, Milan"]
[Black "Karadarevic, Slobodan"]
[Result "1-0"]
[WhiteElo "2017"]
[BlackElo "1831"]
[PlyCount "56"]
[EventDate "2008.03.25"]
[EventType "swiss"]
[EventRounds "9"]
[EventCountry "YUG"]
[SourceTitle "CBM 123 Extra"]
[Source "ChessBase"]
[SourceDate "2008.05.06"]
[SourceVersion "1"]
[SourceVersionDate "2008.05.06"]
[SourceQuality "1"]

1. e4 g6 2. f4 d6 3. Bc4 Bg7 4. Nf3 Bg4 5. Bxf7+ Kf8 6. Bb3 Nf6 7. d3 Nc6 8. Be3 Na5 9. Nc3 Nxb3 10. axb3 a6 11. 0-0 Kg8 12. Qe1 Nd7 13. Qg3 Bxf3 14. Rxf3 Nf6 15. f5 Qe8 16. Raf1 c6 17. Qh3 Qd7 18. Ne2 Kf7 19. fxg6+ Ke8 20. Qxd7+ Kxd7 21. gxh7 Rxh7 22. h3 Rg8 23. Bd4 e5 24. Be3 Ke6 25. Bg5 Nd7 26. h4 Bh6 27. Bf6 Nxf6 28. Rxf6+ Ke7 1-0

[Event "Belgrade Winter op"]
[Site "Belgrade"]
[Date "2008.01.30"]
[Round "9"]
[White "Tasic, Zoran T"]
[Black "Karadarevic, Slobodan"]
[Result "1-0"]
[WhiteElo "2207"]
[BlackElo "1831"]
[PlyCount "73"]
[EventDate "2008.01.22"]
[EventType "swiss"]
[EventRounds "9"]
[EventCountry "YUG"]
[SourceTitle "CBM 122 Extra"]
[Source "ChessBase"]
[SourceDate "2008.03.04"]
[SourceVersion "1"]
[SourceVersionDate "2008.03.04"]
[SourceQuality "1"]

1. d4 Nf6 2. c4 e6 3. Nf3 b6 4. a3 Bb7 5. Nc3 Be7 6. d5 exd5 7. cxd5 d6 8. g3 Nbd7 9. Bg2 a6 10. h3 c5 11. dxc6 Bxc6 12. 0-0 Qc7 13. Be3 Qb7 14. Ne1 Bxg2 15. Nxg2 0-0 16. Nf4 Rfd8 17. Nfd5 Nxd5 18. Nxd5 Bf8 19. Rc1 Rac8 20. Qd4 b5 21. Qe4 Kh8 22. Bd4 Nc5 23. Qf3 Ne6 24. Rcd1 Rc4 25. Bb6 Rdc8 26. Ba5 Rd4 27. Bc3 Rxd1 28. Rxd1 Rd8 29. h4 Rd7 30. Qg4 Qc6 31. Ne3 Kg8 32. h5 g6 33. hxg6 hxg6 34. Nd5 Bg7 35. Qf3 Qb7 36. Nf6+ Bxf6 37. Qxf6 1-0

[Event "Belgrade Spring op"]
[Site "Belgrade"]
[Date "2007.04.01"]
[Round "7"]
[White "Marinkov, Svetislav"]
[Black "Karadarevic, Slobodan"]
[Result "1-0"]
[WhiteElo "2037"]
[BlackElo "1817"]
[PlyCount "64"]
[EventDate "2007.03.26"]
[EventType "swiss"]
[EventRounds "9"]
[EventCountry "YUG"]
[SourceTitle "CBM 117 Extra"]
[Source "ChessBase"]
[SourceDate "2007.05.09"]
[SourceVersion "1"]
[SourceVersionDate "2007.05.09"]
[SourceQuality "1"]

1. e4 e5 2. Nf3 Nc6 3. Bb5 Nf6 4. 0-0 d6 5. d4 Bd7 6. d5 Nb8 7. Qd3 h6 8. Be3 g6 9. Nc3 a6 10. Bxd7+ Nbxd7 11. h3 Bg7 12. Qd2 g5 13. g4 Nf8 14. Qd3 Ng6 15. Ne2 Qd7 16. Ng3 0-0 17. Nf5 Rfe8 18. Nd2 Nf4 19. Bxf4 gxf4 20. Nf3 Nh7 21. h4 Qd8 22. Kg2 Nf8 23. Kh3 Ng6 24. Rg1 Kh7 25. Rg2 Rg8 26. Rag1 Ne7 27. g5 h5 28. g6+ fxg6 29. Ng5+ Kh8 30. Nf7+ Kh7 31. Nxd8 gxf5 32. exf5 Nxf5 1-0

[Event "Belgrade Spring op"]
[Site "Belgrade"]
[Date "2007.03.31"]
[Round "6"]
[White "Panic, Anastasija"]
[Black "Karadarevic, Slobodan"]
[Result "0-1"]
[WhiteElo "1917"]
[BlackElo "1817"]
[PlyCount "54"]
[EventDate "2007.03.26"]
[EventType "swiss"]
[EventRounds "9"]
[EventCountry "YUG"]
[SourceTitle "CBM 117 Extra"]
[Source "ChessBase"]
[SourceDate "2007.05.09"]
[SourceVersion "1"]
[SourceVersionDate "2007.05.09"]
[SourceQuality "1"]

1. e4 e5 2. Nf3 Nc6 3. d4 exd4 4. Nxd4 Nf6 5. Nxc6 bxc6 6. e5 Ne4 7. Bd3 Nc5 8. 0-0 Be7 9. Qg4 g6 10. Bh6 d5 11. Qe2 Ne6 12. f4 Rb8 13. c3 Bf8 14. Bxf8 Rxf8 15. b3 Ng7 16. Nd2 Qe7 17. Nf3 c5 18. h3 Bf5 19. Rad1 c6 20. Ng5 Rh8 21. g4 Bxd3 22. Qxd3 Ne6 23. Nxe6 fxe6 24. Qg3 c4 25. b4 c5 26. a3 cxb4 27. axb4 h5 0-1

[Event "Belgrade Spring op"]
[Site "Belgrade"]
[Date "2007.03.29"]
[Round "4"]
[White "Vukovic, Ljubomir"]
[Black "Karadarevic, Slobodan"]
[Result "0-1"]
[WhiteElo "1927"]
[BlackElo "1817"]
[PlyCount "69"]
[EventDate "2007.03.26"]
[EventType "swiss"]
[EventRounds "9"]
[EventCountry "YUG"]
[SourceTitle "CBM 117 Extra"]
[Source "ChessBase"]
[SourceDate "2007.05.09"]
[SourceVersion "1"]
[SourceVersionDate "2007.05.09"]
[SourceQuality "1"]

1. f4 d5 2. Nf3 b6 3. g3 Bb7 4. Bg2 Nf6 5. c3 c5 6. d3 e6 7. Be3 Nc6 8. h3 Bd6 9. Bf2 e5 10. fxe5 Nxe5 11. Nbd2 d4 12. cxd4 cxd4 13. Qa4+ Bc6 14. Qxd4 0-0 15. 0-0 Re8 16. e4 Bc5 17. Qc3 Nxd3 18. Bxc5 Nxc5 19. b4 Ncxe4 20. Qxc6 Nxd2 21. Rad1 Nxf3+ 22. Bxf3 Qe7 23. Qa4 Rac8 24. Bc6 Red8 25. Rde1 Qc7 26. Bg2 Qxg3 27. Qxa7 Rc2 28. Qb7 Rb8 29. Rd1 Qe3+ 30. Kh1 Rxb7 31. Rfe1 Re2 32. Rd8+ Ne8 33. Rxe2 Qxe2 34. Bxb7 Qe7 35. Rb8 0-1

[Event "Belgrade Spring op"]
[Site "Belgrade"]
[Date "2007.03.26"]
[Round "1"]
[White "Karadarevic, Slobodan"]
[Black "Carnic, Dejan"]
[Result "0-1"]
[WhiteElo "1817"]
[BlackElo "2139"]
[PlyCount "125"]
[EventDate "2007.03.26"]
[EventType "swiss"]
[EventRounds "9"]
[EventCountry "YUG"]
[SourceTitle "CBM 117 Extra"]
[Source "ChessBase"]
[SourceDate "2007.05.09"]
[SourceVersion "1"]
[SourceVersionDate "2007.05.09"]
[SourceQuality "1"]

1. e4 e5 2. Nf3 Nc6 3. Bc4 Nf6 4. d3 Bc5 5. h3 a6 6. a4 h6 7. 0-0 0-0 8. Be3 Ba7 9. Bxa7 Rxa7 10. Re1 d6 11. Nc3 Ra8 12. d4 exd4 13. Nxd4 Ne5 14. Bb3 Ng6 15. Nd5 Nxd5 16. Bxd5 Nf4 17. Ne2 Ng6 18. Qd2 Qf6 19. Qc3 Qe7 20. Qg3 c6 21. Bb3 Be6 22. Nd4 Bxb3 23. Nf5 Qf6 24. Qxb3 b5 25. Rad1 d5 26. Ng3 d4 27. axb5 axb5 28. Nf5 Rfd8 29. c4 bxc4 30. Qxc4 Ne5 31. Qc5 d3 32. f4 Ng6 33. g3 Qxb2 34. Rb1 Qc2 35. Qxc2 dxc2 36. Rbc1 Rd2 37. Ne3 Ra2 38. Kf1 h5 39. Re2 Rxe2 40. Kxe2 h4 41. f5 Ne5 42. gxh4 Ra4 43. Rxc2 Rxe4 44. Rc5 f6 45. h5 Kh7 46. Kd2 Kh6 47. Rc3 Rh4 48. Ke2 Kxh5 49. Nf1 Re4+ 50. Kf2 Rf4+ 51. Kg2 Kh4 52. Ng3 Rb4 53. Rc2 Kg5 54. Kf2 Kh4 55. Kg2 Rb3 56. Ne4 Rxh3 57. Ra2 Rf3 58. Ra4 Kh5 59. Nc5 Kg5 60. Ne6+ Kxf5 61. Nxg7+ Kg6 62. Ne6 Rc3 63. Ra8 0-1

[Event "Belgrade Winter op"]
[Site "Belgrade"]
[Date "2007.01.28"]
[Round "5"]
[White "Karadarevic, Slobodan"]
[Black "Kalinic, Dusan"]
[Result "0-1"]
[WhiteElo "1817"]
[BlackElo "1995"]
[PlyCount "114"]
[EventDate "2007.01.24"]
[EventType "swiss"]
[EventRounds "9"]
[EventCountry "YUG"]
[SourceTitle "EXT 2010"]
[Source "ChessBase"]
[SourceDate "2010.11.25"]
[SourceVersion "1"]
[SourceVersionDate "2010.11.25"]
[SourceQuality "1"]

1. e4 c5 2. Nf3 Nc6 3. Bb5 e6 4. 0-0 Nge7 5. Re1 a6 6. Bf1 Ng6 7. c3 Be7 8. d4 cxd4 9. cxd4 d6 10. Nc3 0-0 11. g3 b5 12. h4 b4 13. Ne2 Re8 14. h5 Nf8 15. Bg2 g6 16. hxg6 fxg6 17. Be3 Nd7 18. d5 Nce5 19. Ned4 exd5 20. Ne6 Qa5 21. exd5 Nxf3+ 22. Bxf3 Ne5 23. Bg2 Bxe6 24. dxe6 Rac8 25. Bf4 Rc5 26. a3 bxa3 27. Rxa3 Qb5 28. Rb3 Qa5 29. Bd2 Qd8 30. Bc3 Bf6 31. Bd4 Rb5 32. Rxb5 axb5 33. Qb3 Qe7 34. Qxb5 Nf3+ 35. Bxf3 Bxd4 36. Re4 Be5 37. Rb4 Rf8 38. Bd5 Kh8 39. f4 Bg7 40. Qd7 Qxd7 41. exd7 Rd8 42. g4 h6 43. Be6 Bf6 44. Rb6 Bd4+ 45. Kg2 Bxb6 46. Kf3 Kg7 47. Ke4 Kf6 48. Kd5 Ke7 49. f5 gxf5 50. gxf5 h5 51. f6+ Kxf6 52. Kxd6 h4 53. Bh3 Rg8 54. Kc6 Bd8 55. b4 Rg3 56. Bf1 h3 57. b5 h2 0-1

[Event "Belgrade Winter op"]
[Site "Belgrade"]
[Date "2006.01.26"]
[Round "6"]
[White "Zivkovic, Velibor"]
[Black "Karadarevic, Slobodan"]
[Result "1-0"]
[WhiteElo "2004"]
[BlackElo "1866"]
[PlyCount "95"]
[EventDate "2006.01.21"]
[EventType "swiss"]
[EventRounds "9"]
[EventCountry "YUG"]
[SourceTitle "CBM 110 Extra"]
[Source "ChessBase"]
[SourceDate "2006.03.10"]
[SourceVersion "2"]
[SourceVersionDate "2006.03.10"]
[SourceQuality "1"]

1. Nf3 d5 2. d4 e6 3. Bf4 Bd6 4. Ne5 f6 5. Nd3 g5 6. Bg3 h5 7. e3 Ne7 8. Be2 h4 9. Bh5+ Kf8 10. Bxd6 Qxd6 11. Nd2 b6 12. 0-0 Ba6 13. f4 Bxd3 14. cxd3 Nf5 15. fxg5 Nd7 16. Qe2 Ke7 17. Bg4 fxg5 18. Bxf5 exf5 19. Rxf5 Rag8 20. e4 dxe4 21. Qxe4+ Qe6 22. Re1 Rh6 23. Nf3 Qxe4 24. Rxe4+ Kd6 25. Nxg5 Rhg6 26. Nf7+ Kc6 27. Rf2 h3 28. g3 Kb7 29. Ne5 Rd6 30. Nxd7 Rxd7 31. Rff4 c5 32. Rh4 Rc8 33. Rxh3 cxd4 34. Re2 Rc1+ 35. Kg2 Rd1 36. g4 Rf7 37. Rg3 Rff1 38. Kh3 Kc6 39. g5 Rf7 40. g6 Rg7 41. Kh4 Rf1 42. Kg5 Rf8 43. Re6+ Kd7 44. Rf6 Rfg8 45. Rg4 Rh8 46. h4 Rc8 47. Rxd4+ Ke7 48. Re4+ 1-0

[Event "Belgrade Winter op"]
[Site "Belgrade"]
[Date "2006.01.25"]
[Round "5"]
[White "Stojanovic, Sasa M"]
[Black "Karadarevic, Slobodan"]
[Result "1-0"]
[WhiteElo "2108"]
[BlackElo "1866"]
[PlyCount "121"]
[EventDate "2006.01.21"]
[EventType "swiss"]
[EventRounds "9"]
[EventCountry "YUG"]
[SourceTitle "CBM 110 Extra"]
[Source "ChessBase"]
[SourceDate "2006.03.10"]
[SourceVersion "2"]
[SourceVersionDate "2006.03.10"]
[SourceQuality "1"]

1. e4 e5 2. Nf3 Nc6 3. Bb5 Nf6 4. 0-0 d6 5. c3 Bd7 6. Re1 Be7 7. d4 0-0 8. h3 Re8 9. Nbd2 Bf8 10. d5 Nb8 11. Bd3 g6 12. Nf1 Bg7 13. Bg5 h6 14. Be3 c6 15. c4 Na6 16. N1d2 Nc5 17. Bc2 a5 18. b3 cxd5 19. cxd5 Bb5 20. Qb1 Nfd7 21. a3 Qc7 22. Rc1 Rec8 23. Ne1 b6 24. Qb2 Qb7 25. Nb1 Qa6 26. Nc3 Bd3 27. b4 Bxc2 28. bxc5 Bd3 29. cxb6 Rcb8 30. Nxd3 Qxd3 31. Rab1 f5 32. exf5 gxf5 33. b7 Ra6 34. Na4 Qxd5 35. Rc8+ Kh7 36. Qc2 Qe6 37. Qc7 f4 38. Qc2+ Qg6 39. Qxg6+ Kxg6 40. Rxb8 Nxb8 41. Bb6 Bf8 42. Bc7 Nd7 43. b8Q Nxb8 44. Rxb8 Bg7 45. Rd8 Kf5 46. Rxd6 Ra7 47. Bb6 Ra8 48. Rd5 Bf8 49. Bxa5 Bxa3 50. Nb6 Re8 51. Nc4 Bf8 52. f3 Kf6 53. Bc3 Rc8 54. Nd2 Ke6 55. Rxe5+ Kd7 56. Ne4 Rb8 57. Kh2 Ba3 58. Bd2 Rf8 59. Rh5 Bb2 60. Rxh6 Be5 61. h4 1-0

[Event "Belgrade Winter op"]
[Site "Belgrade"]
[Date "2006.01.24"]
[Round "4"]
[White "Karadarevic, Slobodan"]
[Black "Milijanovic, Goran"]
[Result "0-1"]
[WhiteElo "1866"]
[BlackElo "2175"]
[PlyCount "60"]
[EventDate "2006.01.21"]
[EventType "swiss"]
[EventRounds "9"]
[EventCountry "YUG"]
[SourceTitle "CBM 110 Extra"]
[Source "ChessBase"]
[SourceDate "2006.03.10"]
[SourceVersion "2"]
[SourceVersionDate "2006.03.10"]
[SourceQuality "1"]

1. e4 c5 2. g3 Nc6 3. Bg2 g6 4. Ne2 Bg7 5. c3 e5 6. d3 Nge7 7. 0-0 d6 8. Be3 0-0 9. d4 cxd4 10. cxd4 d5 11. exd5 Nxd5 12. Nbc3 Nxe3 13. fxe3 Qg5 14. Kh1 Qxe3 15. d5 Nd4 16. Nxd4 exd4 17. Nb5 Bd7 18. Re1 Qf2 19. Rf1 Qxb2 20. Rb1 Qxa2 21. Nxd4 Qc4 22. Rf4 Ba4 23. Qd2 Rac8 24. Ne6 Qc2 25. Qxc2 Bxc2 26. Nxf8 Bxb1 27. Nd7 Bf5 28. Rxf5 gxf5 29. Bh3 Rc1+ 30. Kg2 Rd1 0-1